Emerging Converter Topologies and Control for Grid Connected Photovoltaic Systems (Record no. 46883)

MARC details
000 -LEADER
fixed length control field 02474nam a2200289Ia 4500
000 - LEADER
fixed length control field 06310naaa 01525uu
001 - CONTROL NUMBER
control field https://directory.doabooks.org/handle/20.500.12854/68412
005 - DATE AND TIME OF LATEST TRANSACTION
control field 20260218105649.0
008 - FIXED-LENGTH DATA ELEMENTS--GENERAL INFORMATION
fixed length control field 211013s9999 xx 000 0 und d
020 ## - INTERNATIONAL STANDARD BOOK NUMBER
International Standard Book Number 9783039439096
024 ## - OTHER STANDARD IDENTIFIER
Standard number or code 10.3390/books978-3-03943-910-2
042 ## - AUTHENTICATION CODE
Authentication code dc
245 #0 - TITLE STATEMENT
Title Emerging Converter Topologies and Control for Grid Connected Photovoltaic Systems
260 ## - PUBLICATION, DISTRIBUTION, ETC.
Place of publication, distribution, etc. Basel, Switzerland
Name of publisher, distributor, etc. MDPI - Multidisciplinary Digital Publishing Institute
Date of publication, distribution, etc. 2021
300 ## - PHYSICAL DESCRIPTION
Extent 1 electronic resource (364 p.)
520 ## - SUMMARY, ETC.
Summary, etc. Continuous cost reduction of photovoltaic (PV) systems and the rise of power auctions resulted in the establishment of PV power not only as a green energy source but also as a cost-effective solution to the electricity generation market. Various commercial solutions for grid-connected PV systems are available at any power level, ranging from multi-megawatt utility-scale solar farms to sub-kilowatt residential PV installations. Compared to utility-scale systems, the feasibility of small-scale residential PV installations is still limited by existing technologies that have not yet properly address issues like operation in weak grids, opaque and partial shading, etc. New market drivers such as warranty improvement to match the PV module lifespan, operation voltage range extension for application flexibility, and embedded energy storage for load shifting have again put small-scale PV systems in the spotlight. This Special Issue collects the latest developments in the field of power electronic converter topologies, control, design, and optimization for better energy yield, power conversion efficiency, reliability, and longer lifetime of the small-scale PV systems. This Special Issue will serve as a reference and update for academics, researchers, and practicing engineers to inspire new research and developments that pave the way for next-generation PV systems for residential and small commercial applications.
540 ## - TERMS GOVERNING USE AND REPRODUCTION NOTE
Terms governing use and reproduction Creative Commons
653 ## - INDEX TERM--UNCONTROLLED
Uncontrolled term three-phase rectifier
700 1# - ADDED ENTRY--PERSONAL NAME
Personal name Kouro, Samir
700 1# - ADDED ENTRY--PERSONAL NAME
Personal name Kouro, Samir
700 1# - ADDED ENTRY--PERSONAL NAME
Personal name Vinnikov, Dmitri
700 1# - ADDED ENTRY--PERSONAL NAME
Personal name Vinnikov, Dmitri
700 1# - ADDED ENTRY--PERSONAL NAME
Personal name Yang, Yongheng
856 ## - ELECTRONIC LOCATION AND ACCESS
Uniform Resource Identifier <a href="https://docs.google.com/spreadsheets/d/1yKIrdCPDAG_9c22mwoOIO2DOhtj65Wqa/edit?usp=sharing&ouid=106555315294820607512&rtpof=true&sd=true ">https://docs.google.com/spreadsheets/d/1yKIrdCPDAG_9c22mwoOIO2DOhtj65Wqa/edit?usp=sharing&ouid=106555315294820607512&rtpof=true&sd=true </a>
Link text List of Curated E-Books
942 ## - ADDED ENTRY ELEMENTS (KOHA)
Koha item type E-Book
Holdings
Withdrawn status Source of classification or shelving scheme Damaged status Not for loan Home library Current library Date acquired Total Checkouts Date last seen Price effective from Koha item type
  Library of Congress Classification   Not For Loan Directory of Open Access Books Directory of Open Access Books 12/22/2021   12/22/2021 12/22/2021 E-Book

University of Rizal System
Email us at univlibservices@urs.edu.ph

Visit our Website www.urs.edu.ph/library